Statistiques concernant Les meilleurs buteurs de la Premier League

Cliquez ici pour prendre le quiz!

Statistiques générales

  • Ce quiz a été pris 214 fois
  • Le résultat moyen est 8 sur 15

Statistiques - réponses

ButsNationalitéClubs successifsJoueur% Correct
213AngleterreTottenham Hotspur (213) Harry Kane
95%
208AngleterreEverton FC (25), Manchester United (183) Wayne Rooney
93%
153ÉgypteChelsea FC (2), Liverpool FC (151) Mohamed Salah
92%
175FranceArsenal FC (175) Thierry Henry
92%
184ArgentineManchester City (184) Sergio Agüero
91%
136AngleterreLeicester City (136) Jamie Vardy
82%
144Pays-BasArsenal FC (96), Manchester United (48) Robin van Persie
77%
260AngleterreBlackburn Rovers (112), Newcastle United (148) Alan Shearer
72%
177AngleterreWest Ham United (24), Chelsea FC (147), Manchester City (6) Frank Lampard
60%
150AngleterreLiverpool FC (118), Newcastle United (26), Manchester United (5), Stoke City (1) Michael Owen
41%
187AngleterreNewcastle United (43), Manchester United (93), Blackburn Rovers (27), Fulham FC (12), Manchester City (9), Portsmouth FC (3) Andy Cole
22%
162AngleterreWest Ham United (18), Tottenham Hotspur (91), Portsmouth FC (15), Sunderland AFC (34), AFC Bournemouth (4) Jermain Defoe
15%
163AngleterreLiverpool FC (128), Leeds United (14), Manchester City (21) Robbie Fowler
9%
146AngleterreNottingham Forest (1), Tottenham Hotspur (97), Manchester United (31), Portsmouth FC (9), West Ham United (8) Teddy Sheringham
5%
149AngleterreQueens Park Rangers (60), Newcastle United (41), Tottenham Hotspur (33), West Ham United (2), Leicester City (12), Bolton Wanderers (1) Les Ferdinand
2%

Distribution des résultats

Percentile par nombre de réponses

% des personnes avec chaque résultat

Votre développement - résultats

Vous n’avez pas pris ce quiz